000 00482nam a2200169Ia 4500
003 GCL
008 140319s9999 xx 000 0 ara d
040 _aGCL /
_cGCL
082 0 4 _a224.2
_bم ت
245 1 0 _aالتحفة السنية بشرح المقدمة الاجرومية
260 _a[S.N] :
_bمكتبة السنة للنشر والتوزيع ،
_c1989
300 _a128
490 _a
650 0 4 _aالنحو
650 0 4 _aاللغة العربية
942 _2ddc
_cBK
999 _c54204
_d54204